[Event "Titled Tuesday intern op 19th Oct"]
[Site "Chess.com INT"]
[Date "2021.10.19"]
[Round "11"]
[White "Berezin, Viktor1"]
[Black "Ibrayev, Nurlan"]
[Result "1/2-1/2"]
[WhiteElo "2307"]
[BlackElo "2374"]
[PlyCount "85"]
[EventDate "2021.10.19"]
[EventType "swiss (blitz)"]
[EventRounds "11"]
[EventCountry "USA"]
[SourceTitle "CBM 204 Extra"]
[Source "ChessBase"]
[SourceDate "2021.11.30"]
[SourceVersion "1"]
[SourceVersionDate "2021.11.30"]
[SourceQuality "1"]

1. d4 Nf6 2. Nf3 g6 3. g3 Bg7 4. Bg2 0-0 5. 0-0 d6 6. a4 a5 7. Nc3 Na6 8. e4 Nb4 9. h3 c6 10. Re1 e5 11. Be3 Re8 12. Qd2 Qc7 13. Rad1 Be6 14. d5 cxd5 15. exd5 Nfxd5 16. Nb5 Qxc2 17. Nxd6 Re7 18. Ng5 Qxa4 19. Nxe6 fxe6 20. Bh6 Qc2 21. Qg5 Rf8 22. Rd2 Bxh6 23. Qxh6 Qc7 24. Ne4 Nf6 25. Ng5 Nbd5 26. Nxe6 Rxe6 27. Bxd5 Nxd5 28. Rxd5 Qc2 29. Rd2 Qf5 30. Qe3 b6 31. Kh2 h5 32. Rde2 Kg7 33. Qc3 Kh7 34. f4 e4 35. Qd4 Rfe8 36. Re3 R8e7 37. R1e2 Qc5 38. Qd8 Qc7 39. Qd4 Qc5 40. Qd8 Qc7 41. Qd4 Rd7 42. Qa4 Rde7 43. Qd4 1/2-1/2

[Event "Titled Tuesday intern op 15th June"]
[Site "Chess.com INT"]
[Date "2021.06.15"]
[Round "7"]
[White "Dixit, Arun"]
[Black "Ibrayev, Nurlan"]
[Result "0-1"]
[WhiteElo "2054"]
[BlackElo "2388"]
[PlyCount "76"]
[EventDate "2021.06.15"]
[EventType "swiss (blitz)"]
[EventRounds "11"]
[EventCountry "USA"]
[SourceTitle "CBM 203 Extra"]
[Source "ChessBase"]
[SourceDate "2021.09.30"]
[SourceVersion "1"]
[SourceVersionDate "2021.09.30"]
[SourceQuality "1"]

1. d4 Nf6 2. c4 e6 3. Nc3 Bb4 4. e3 0-0 5. Bd2 b6 6. Bd3 Bb7 7. Nf3 d6 8. Qc2 Nbd7 9. a3 Bxc3 10. Bxc3 Qe7 11. e4 e5 12. d5 Nc5 13. b4 Nxd3+ 14. Qxd3 Bc8 15. c5 Nh5 16. Bd2 f5 17. 0-0 h6 18. Rac1 fxe4 19. Qxe4 Nf6 20. Qc4 Bb7 21. c6 Bc8 22. Bc3 Qf7 23. Rcd1 a5 24. b5 Bg4 25. a4 Rae8 26. Rd2 Bxf3 27. gxf3 Qh5 28. Rd3 Qf5 29. Re3 Nh5 30. Qg4 Qf7 31. Kh1 Nf4 32. Rg1 Nxd5 33. Rd3 Nf4 34. Rd2 Re6 35. Rg3 Rg6 36. Qd7 Qc4 37. Rxg6 Nxg6 38. Bxe5 Qf1# 0-1

[Event "Titled Tuesday intern op 15th June"]
[Site "Chess.com INT"]
[Date "2021.06.15"]
[Round "6"]
[White "Ibrayev, Nurlan"]
[Black "Bures, Vit"]
[Result "1-0"]
[WhiteElo "2388"]
[BlackElo "2119"]
[PlyCount "107"]
[EventDate "2021.06.15"]
[EventType "swiss (blitz)"]
[EventRounds "11"]
[EventCountry "USA"]
[SourceTitle "CBM 203 Extra"]
[Source "ChessBase"]
[SourceDate "2021.09.30"]
[SourceVersion "1"]
[SourceVersionDate "2021.09.30"]
[SourceQuality "1"]

1. d4 d5 2. c4 c6 3. Nf3 Nf6 4. e3 Bg4 5. cxd5 Bxf3 6. Qxf3 cxd5 7. Bb5+ Nc6 8. 0-0 Rc8 9. Nc3 e6 10. Qg3 Nh5 11. Qh3 Nf6 12. Bd2 Be7 13. Rac1 0-0 14. Bd3 g6 15. a3 a6 16. Na4 e5 17. dxe5 Nxe5 18. Be2 b5 19. Nc3 Nc4 20. Rc2 Qb6 21. Bc1 Qe6 22. Qf3 Ne4 23. Rd1 Nxa3 24. bxa3 Nxc3 25. Re1 Nxe2+ 26. Qxe2 Rc4 27. Bb2 Rfc8 28. Rd2 b4 29. a4 b3 30. Red1 Rc2 31. Qd3 Bb4 32. Qd4 Bc3 33. Bxc3 R8xc3 34. h3 Rxd2 35. Qxd2 Rc2 36. Qd3 Qf6 37. Rf1 Qc6 38. Qxb3 Qc4 39. Qb8+ Kg7 40. Qe5+ Kg8 41. a5 Rc1 42. Rxc1 Qxc1+ 43. Kh2 Qc5 44. Qb8+ Kg7 45. Qb2+ Kg8 46. Qb6 Qc4 47. g3 Kg7 48. h4 h5 49. Kg2 Kf8 50. Qd8+ Kg7 51. Qb6 Kf8 52. Qd8+ Kg7 53. Qe7 Qc6 54. Qe5+ 1-0

[Event "Titled Tuesday intern op 15th June"]
[Site "Chess.com INT"]
[Date "2021.06.15"]
[Round "9"]
[White "Ibrayev, Nurlan"]
[Black "Liang, Jason"]
[Result "1/2-1/2"]
[WhiteElo "2388"]
[BlackElo "2336"]
[PlyCount "149"]
[EventDate "2021.06.15"]
[EventType "swiss (blitz)"]
[EventRounds "11"]
[EventCountry "USA"]
[SourceTitle "CBM 203 Extra"]
[Source "ChessBase"]
[SourceDate "2021.09.30"]
[SourceVersion "1"]
[SourceVersionDate "2021.09.30"]
[SourceQuality "1"]

1. d4 Nf6 2. c4 e5 3. dxe5 Ng4 4. Bf4 Nc6 5. Nf3 Bb4+ 6. Nbd2 Qe7 7. a3 Ngxe5 8. Nxe5 Nxe5 9. e3 Bc5 10. Be2 a5 11. 0-0 d6 12. Ne4 Ba7 13. Nc3 0-0 14. Nd5 Qd8 15. b4 Be6 16. Bg3 c6 17. Bxe5 dxe5 18. Nc3 Qe7 19. c5 f5 20. Qc2 e4 21. Na4 Bb8 22. Nb6 Ra7 23. Bc4 Bc7 24. Bxe6+ Qxe6 25. Nc4 axb4 26. axb4 Rxa1 27. Rxa1 Rd8 28. Ra7 Qh6 29. g3 Qh5 30. Ra1 Qf3 31. Qb3 Kh8 32. Nd6 Bxd6 33. cxd6 h6 34. Qe6 Qh5 35. Qe7 Qe8 36. Qxb7 Rxd6 37. Ra8 Rd8 38. Ra7 Qg6 39. Ra8 Rxa8 40. Qxa8+ Kh7 41. Qc8 h5 42. h4 Qf6 43. Qd7 Qg6 44. Kh2 Qf6 45. Kg2 Qg6 46. Qe7 Qg4 47. Qd6 Qg6 48. Qf4 Qf6 49. Qc7 Kg6 50. Qf4 Qe6 51. Qc7 Kf6 52. Qd8+ Kf7 53. Qg5 g6 54. Qh6 Kg8 55. Qg5 Qd6 56. Qf4 Qxb4 57. Qe5 Qf8 58. Qe6+ Qf7 59. Qxc6 Kg7 60. Qd6 Qf6 61. Qd5 Qf7 62. Qe5+ Qf6 63. Qe8 Qf7 64. Qe5+ Qf6 65. Qc7+ Qf7 66. Qd8 Kh7 67. Kh2 Qa7 68. Qf6 Qb7 69. Qe5 Qd7 70. Qf6 Qg7 71. Qe6 Qf8 72. Qd7+ Qg7 73. Qe6 Qb2 74. Qd7+ Qg7 75. Qe6 1/2-1/2

[Event "Titled Tuesday intern op 15th June"]
[Site "Chess.com INT"]
[Date "2021.06.15"]
[Round "2"]
[White "Ibrayev, Nurlan"]
[Black "Serikbay, Assel"]
[Result "1-0"]
[WhiteElo "2388"]
[BlackElo "2228"]
[PlyCount "57"]
[EventDate "2021.06.15"]
[EventType "swiss (blitz)"]
[EventRounds "11"]
[EventCountry "USA"]
[SourceTitle "CBM 203 Extra"]
[Source "ChessBase"]
[SourceDate "2021.09.30"]
[SourceVersion "1"]
[SourceVersionDate "2021.09.30"]
[SourceQuality "1"]

1. d4 Nf6 2. c4 g6 3. Nc3 Bg7 4. e4 d6 5. Be2 0-0 6. Be3 Nbd7 7. g4 e5 8. d5 Ne8 9. h4 a5 10. h5 b6 11. Nf3 Nef6 12. Nd2 Qe7 13. g5 Ne8 14. Qc2 f6 15. hxg6 hxg6 16. gxf6 Nexf6 17. 0-0-0 Nc5 18. Rdg1 Kf7 19. Nf3 Rh8 20. Ng5+ Kg8 21. Rxh8+ Bxh8 22. Kb1 Bd7 23. Qd1 Rf8 24. Bf1 Nh5 25. Ne6 Bxe6 26. Qxh5 Bf7 27. Bh3 Bg7 28. Qe2 Qf6 29. Bg5 1-0

[Event "Titled Tuesday intern op 15th June"]
[Site "Chess.com INT"]
[Date "2021.06.15"]
[Round "4"]
[White "Shipov, Sergei"]
[Black "Ibrayev, Nurlan"]
[Result "1-0"]
[WhiteElo "2541"]
[BlackElo "2388"]
[PlyCount "85"]
[EventDate "2021.06.15"]
[EventType "swiss (blitz)"]
[EventRounds "11"]
[EventCountry "USA"]
[SourceTitle "CBM 203 Extra"]
[Source "ChessBase"]
[SourceDate "2021.09.30"]
[SourceVersion "1"]
[SourceVersionDate "2021.09.30"]
[SourceQuality "1"]

1. d4 Nf6 2. c4 e6 3. Nc3 Bb4 4. e3 0-0 5. Nge2 Re8 6. a3 Bf8 7. d5 d6 8. Ng3 c6 9. Be2 Na6 10. b4 Nc7 11. e4 exd5 12. exd5 cxd5 13. cxd5 a5 14. b5 Bg4 15. f3 Bd7 16. 0-0 Rc8 17. Kh1 Re5 18. f4 Nfxd5 19. fxe5 Nxc3 20. Qb3 N7d5 21. Bf3 Be6 22. Qb2 dxe5 23. Bd2 f6 24. Rac1 Na4 25. Rxc8 Qxc8 26. Qb3 Nc5 27. Qc2 Qd7 28. a4 b6 29. Rd1 h6 30. Bc1 Qf7 31. Ne4 Nb4 32. Qf2 Nxe4 33. Bxe4 Bb3 34. Rd8 Bxa4 35. Qxb6 Qc4 36. Qe3 Qf1+ 37. Qg1 Qxg1+ 38. Kxg1 Bxb5 39. Be3 Kf7 40. Rb8 Be7 41. Rxb5 Nc2 42. Bxc2 Bb4 43. Bb3+ 1-0

[Event "Titled Tuesday intern op 08th June"]
[Site "Chess.com INT"]
[Date "2021.06.08"]
[Round "8"]
[White "Aitbayev, Aslan"]
[Black "Ibrayev, Nurlan"]
[Result "0-1"]
[WhiteElo "2475"]
[BlackElo "2388"]
[PlyCount "82"]
[EventDate "2021.06.08"]
[EventType "swiss (blitz)"]
[EventRounds "11"]
[EventCountry "USA"]
[SourceTitle "CBM 202 Extra"]
[Source "ChessBase"]
[SourceDate "2021.07.31"]
[SourceVersion "1"]
[SourceVersionDate "2021.07.31"]
[SourceQuality "1"]

1. e4 c5 2. Nf3 d6 3. d4 cxd4 4. Nxd4 Nf6 5. Nc3 a6 6. Be3 e6 7. g4 b5 8. g5 Nfd7 9. a3 Bb7 10. h4 Nc6 11. h5 Rc8 12. Rh3 Nce5 13. g6 hxg6 14. hxg6 Nxg6 15. Rxh8 Nxh8 16. Qh5 Ng6 17. Nxe6 Qf6 18. Nxf8 Ngxf8 19. 0-0-0 Rxc3 20. bxc3 Qxc3 21. Rd3 Qa1+ 22. Kd2 Qxf1 23. Rxd6 Qa1 24. Rd3 Ne5 25. Bd4 Nc4+ 26. Ke2 Qc1 27. Qh3 Qxc2+ 28. Ke1 Qb1+ 29. Ke2 Qc2+ 30. Ke1 Ne6 31. Qh8+ Ke7 32. Bc5+ Nxc5 33. Qd8+ Ke6 34. Qe8+ Kf6 35. Rf3+ Kg5 36. Qe7+ Kg4 37. Rg3+ Kf4 38. Qg5+ Kxe4 39. Rg4+ Kd3 40. Rg3+ Kd4 41. Qg6 Qxg6 0-1

[Event "Titled Tuesday intern op 08th June"]
[Site "Chess.com INT"]
[Date "2021.06.08"]
[Round "7"]
[White "Ibrayev, Nurlan"]
[Black "Kosteniuk, Alexandra"]
[Result "1/2-1/2"]
[WhiteElo "2388"]
[BlackElo "2472"]
[PlyCount "98"]
[EventDate "2021.06.08"]
[EventType "swiss (blitz)"]
[EventRounds "11"]
[EventCountry "USA"]
[SourceTitle "CBM 202 Extra"]
[Source "ChessBase"]
[SourceDate "2021.07.31"]
[SourceVersion "1"]
[SourceVersionDate "2021.07.31"]
[SourceQuality "1"]

1. d4 Nf6 2. c4 g6 3. Nc3 Bg7 4. e4 d6 5. Be2 0-0 6. Be3 e5 7. d5 a5 8. g4 Na6 9. g5 Nd7 10. h4 f5 11. gxf6 Bxf6 12. h5 g5 13. h6 Kh8 14. Qd2 Nac5 15. Nf3 Rg8 16. Nh2 Be7 17. Ng4 Nf6 18. Nxf6 Bxf6 19. 0-0-0 Bd7 20. Rdg1 a4 21. Bg4 Bxg4 22. Rxg4 Rg6 23. Rhg1 Rxh6 24. Rxg5 Bxg5 25. Bxg5 Rf6 26. f4 Qf8 27. Bxf6+ Qxf6 28. f5 Rg8 29. Rxg8+ Kxg8 30. Qg2+ Qg7 31. Qxg7+ Kxg7 32. Kd2 h5 33. Ke3 Kh6 34. Nb5 h4 35. Nxc7 h3 36. Kf3 Nxe4 37. Nb5 Nd2+ 38. Kg3 Nxc4 39. Kxh3 Kg5 40. b3 axb3 41. axb3 Ne3 42. Nxd6 b6 43. Nc4 Nxd5 44. Nxe5 Kxf5 45. Nc4 Ke4 46. Nxb6 Nxb6 47. Kg4 Kd4 48. b4 Kc4 49. Kf4 Kxb4 1/2-1/2

[Event "Titled Tuesday intern op 08th June"]
[Site "Chess.com INT"]
[Date "2021.06.08"]
[Round "6"]
[White "Ibrayev, Nurlan"]
[Black "Vifleemskaia, Svetlana"]
[Result "1-0"]
[WhiteElo "2388"]
[BlackElo "1926"]
[PlyCount "75"]
[EventDate "2021.06.08"]
[EventType "swiss (blitz)"]
[EventRounds "11"]
[EventCountry "USA"]
[SourceTitle "CBM 202 Extra"]
[Source "ChessBase"]
[SourceDate "2021.07.31"]
[SourceVersion "1"]
[SourceVersionDate "2021.07.31"]
[SourceQuality "1"]

1. d4 Nf6 2. c4 e6 3. Nf3 Bb4+ 4. Nbd2 Qe7 5. a3 Bxd2+ 6. Qxd2 d6 7. b4 a5 8. Bb2 axb4 9. axb4 Rxa1+ 10. Bxa1 Ne4 11. Qc2 f5 12. e3 Nd7 13. Bd3 Ndf6 14. 0-0 0-0 15. Ne1 Bd7 16. f3 Ng5 17. Bc3 b6 18. b5 Ra8 19. Qb2 Nf7 20. Nc2 e5 21. Ra1 Rxa1+ 22. Qxa1 e4 23. Qa8+ Qe8 24. Qxe8+ Bxe8 25. Be2 Kf8 26. Nb4 Ke7 27. Kf2 g5 28. h3 Bd7 29. Na6 c6 30. bxc6 Bxc6 31. Nb4 Bb7 32. Nc2 h6 33. Na3 Bc6 34. d5 Bd7 35. Bd4 b5 36. Bxf6+ Kxf6 37. cxb5 Ke5 38. Bc4 1-0

[Event "Titled Tuesday intern op 04th May"]
[Site "Chess.com INT"]
[Date "2021.05.04"]
[Round "5"]
[White "Ibrayev, Nurlan"]
[Black "Can, Emre"]
[Result "1-0"]
[WhiteElo "2388"]
[BlackElo "2569"]
[PlyCount "95"]
[EventDate "2021.05.04"]
[EventType "swiss (blitz)"]
[EventRounds "11"]
[EventCountry "USA"]
[SourceTitle "CBM 202 Extra"]
[Source "ChessBase"]
[SourceDate "2021.07.31"]
[SourceVersion "1"]
[SourceVersionDate "2021.07.31"]
[SourceQuality "1"]

1. d4 d5 2. c4 e6 3. Nf3 Nf6 4. Nc3 Bb4 5. cxd5 exd5 6. Bg5 h6 7. Bh4 g5 8. Bg3 Ne4 9. Nd2 Nxg3 10. hxg3 c6 11. e3 Bf8 12. Bd3 Be6 13. g4 Qb6 14. Na4 Qc7 15. Rc1 Nd7 16. Nc3 Nf6 17. Be2 Qd7 18. f3 0-0-0 19. a3 Kb8 20. b4 Bd6 21. Kf2 h5 22. gxh5 Nxh5 23. Nf1 f5 24. f4 Nf6 25. fxg5 Rxh1 26. gxf6 Qh7 27. Bf3 Qh4+ 28. Ke2 Qxf6 29. b5 c5 30. b6 a6 31. dxc5 Bxc5 32. Na4 Bd6 33. Nc5 Qe7 34. Qd4 Rh6 35. Nxe6 Rxe6 36. Bxd5 Re5 37. Qc4 Bc5 38. Qxc5 Qxc5 39. Rxc5 Rexd5 40. Rc4 R8d6 41. Rb4 Rb5 42. Rxb5 axb5 43. Ng3 Rxb6 44. Nxf5 Ra6 45. Nd4 Rxa3 46. Nxb5 Rb3 47. Nd4 Kc7 48. Nxb3 1-0

[Event "Titled Tuesday intern op 04th May"]
[Site "Chess.com INT"]
[Date "2021.05.04"]
[Round "6"]
[White "Ibrayev, Nurlan"]
[Black "Leitao, Rafael Duailibe"]
[Result "0-1"]
[WhiteElo "2388"]
[BlackElo "2592"]
[PlyCount "104"]
[EventDate "2021.05.04"]
[EventType "swiss (blitz)"]
[EventRounds "11"]
[EventCountry "USA"]
[SourceTitle "CBM 202 Extra"]
[Source "ChessBase"]
[SourceDate "2021.07.31"]
[SourceVersion "1"]
[SourceVersionDate "2021.07.31"]
[SourceQuality "1"]

1. d4 Nf6 2. c4 g6 3. Nc3 Bg7 4. e4 d6 5. Be2 0-0 6. Be3 c6 7. g4 d5 8. e5 Ne4 9. Qb3 Nxc3 10. bxc3 dxc4 11. Qxc4 Be6 12. Qb4 Na6 13. Qxb7 Qa5 14. Qb2 c5 15. Kf1 cxd4 16. cxd4 Rab8 17. Qd2 Qxd2 18. Bxd2 Nb4 19. Bxb4 Rxb4 20. Rd1 Rd8 21. Nf3 Bxg4 22. Kg2 Bxf3+ 23. Bxf3 Rbxd4 24. e6 fxe6 25. Rhe1 Kf7 26. Rxd4 Bxd4 27. Bg4 e5 28. Rd1 Rb8 29. Rd2 Kf6 30. Bf3 Rb6 31. Be4 Kg5 32. Kg3 h5 33. h4+ Kf6 34. f3 Be3 35. Rc2 Bf4+ 36. Kh3 Be3 37. Rc6+ Rxc6 38. Bxc6 g5 39. Be8 Bf2 40. Bxh5 gxh4 41. Bg4 Kg5 42. Be6 Kf4 43. Bd5 Bg3 44. Be4 Ke3 45. Bd5 Kf2 46. Be4 e6 47. Bc6 Ke3 48. Kg4 Kd4 49. Bb7 Ke3 50. Bc8 Kf2 51. Bxe6 Kg2 52. Bd5 Kh2 0-1

[Event "Titled Tuesday intern op 04th May"]
[Site "Chess.com INT"]
[Date "2021.05.04"]
[Round "7"]
[White "Sanchez Alvares, Kelvin Antonio"]
[Black "Ibrayev, Nurlan"]
[Result "1-0"]
[WhiteElo "2250"]
[BlackElo "2388"]
[PlyCount "91"]
[EventDate "2021.05.04"]
[EventType "swiss (blitz)"]
[EventRounds "11"]
[EventCountry "USA"]
[SourceTitle "CBM 202 Extra"]
[Source "ChessBase"]
[SourceDate "2021.07.31"]
[SourceVersion "1"]
[SourceVersionDate "2021.07.31"]
[SourceQuality "1"]

1. e4 c5 2. Nf3 d6 3. d4 cxd4 4. Nxd4 Nf6 5. Nc3 a6 6. Bg5 e6 7. f4 Be7 8. Qf3 h6 9. Bxf6 Bxf6 10. 0-0-0 Qb6 11. Nb3 Qc7 12. g3 Bxc3 13. Qxc3 Qxc3 14. bxc3 Ke7 15. Bg2 Rd8 16. Rd2 Nc6 17. Rhd1 Rb8 18. e5 dxe5 19. Bxc6 Rxd2 20. Rxd2 bxc6 21. fxe5 Rb5 22. Re2 Bd7 23. c4 Rb4 24. Re4 f5 25. Rd4 g5 26. a3 Rb8 27. Nc5 Rd8 28. Nxa6 Rf8 29. Nc5 Bc8 30. Kd2 f4 31. g4 f3 32. Ke1 h5 33. h3 hxg4 34. hxg4 Rh8 35. Kf2 Rh2+ 36. Kxf3 Rxc2 37. a4 Ra2 38. Ke3 Ra3+ 39. Rd3 Ra1 40. Rd2 Re1+ 41. Re2 Ra1 42. Rh2 Kf7 43. Rh7+ Kg6 44. Rc7 Ba6 45. Nxa6 Rxa4 46. Rxc6 1-0

[Event "Titled Tuesday intern op 04th May"]
[Site "Chess.com INT"]
[Date "2021.05.04"]
[Round "2"]
[White "Timmermans, Mark"]
[Black "Ibrayev, Nurlan"]
[Result "1/2-1/2"]
[WhiteElo "2385"]
[BlackElo "2388"]
[PlyCount "95"]
[EventDate "2021.05.04"]
[EventType "swiss (blitz)"]
[EventRounds "11"]
[EventCountry "USA"]
[SourceTitle "CBM 202 Extra"]
[Source "ChessBase"]
[SourceDate "2021.07.31"]
[SourceVersion "1"]
[SourceVersionDate "2021.07.31"]
[SourceQuality "1"]

1. b4 c6 2. Bb2 Qb6 3. a3 a5 4. c4 d6 5. d4 axb4 6. c5 dxc5 7. dxc5 Qc7 8. axb4 Rxa1 9. Bxa1 Na6 10. Bc3 Nf6 11. Nf3 Nd5 12. Qb3 Nxc3 13. Nxc3 e5 14. e4 Be6 15. Bc4 Bxc4 16. Qxc4 Be7 17. 0-0 0-0 18. Nd1 Rd8 19. Ne3 g6 20. Rb1 h5 21. h3 Kg7 22. Rc1 Bf6 23. b5 Nb8 24. bxc6 bxc6 25. Qc3 Nd7 26. Rd1 Rb8 27. g4 hxg4 28. hxg4 Kg8 29. g5 Bg7 30. Ng4 Rb5 31. Qd3 Nxc5 32. Qd8+ Qxd8 33. Rxd8+ Kh7 34. Nf6+ Bxf6 35. gxf6 Nxe4 36. Rf8 Rb7 37. Nxe5 Nxf6 38. Nxc6 Kg7 39. Rc8 Rb1+ 40. Kg2 Rb2 41. Kf3 Nd5 42. Ne5 Rb3+ 43. Ke4 Nf6+ 44. Kf4 Rb4+ 45. Kf3 Rb3+ 46. Kf4 Nh5+ 47. Ke4 Nf6+ 48. Kf4 1/2-1/2

[Event "Titled Tuesday intern op 27th Apr"]
[Site "Chess.com INT"]
[Date "2021.04.27"]
[Round "8"]
[White "Ibrayev, Nurlan"]
[Black "Loew, Gerald"]
[Result "1-0"]
[WhiteElo "2388"]
[BlackElo "2166"]
[PlyCount "73"]
[EventDate "2021.04.27"]
[EventType "swiss (blitz)"]
[EventRounds "11"]
[EventCountry "USA"]
[SourceTitle "CBM 202 Extra"]
[Source "ChessBase"]
[SourceDate "2021.07.31"]
[SourceVersion "1"]
[SourceVersionDate "2021.07.31"]
[SourceQuality "1"]

1. d4 d6 2. e4 Nf6 3. Nc3 e5 4. Nf3 Nbd7 5. Bc4 Be7 6. 0-0 0-0 7. a4 c6 8. Re1 exd4 9. Nxd4 Ne5 10. Bf1 Re8 11. f4 Ng6 12. h3 Bf8 13. g3 Qb6 14. a5 Qc5 15. Kh2 d5 16. e5 Ne4 17. Nxe4 dxe4 18. Bg2 Rd8 19. c3 Qe7 20. Qh5 f6 21. exf6 Qxf6 22. Bxe4 Bd6 23. a6 bxa6 24. Nxc6 Rf8 25. Be3 Bb7 26. Bd4 Qf7 27. Bd5 Bxc6 28. Bxf7+ Rxf7 29. Rxa6 Nxf4 30. Qxf7+ Kxf7 31. Rxc6 Nd3 32. Rf1+ Ke7 33. Bxg7 Kd7 34. Rxd6+ Kxd6 35. Rd1 Re8 36. Rxd3+ Kc6 37. Rd2 1-0

[Event "KAZ-ch"]
[Site "Almaty"]
[Date "2020.12.18"]
[Round "9"]
[White "Agmanov, Zhandos"]
[Black "Ibrayev, Nurlan"]
[Result "0-1"]
[WhiteElo "2407"]
[BlackElo "2395"]
[PlyCount "100"]
[EventDate "2020.12.11"]
[EventType "tourn"]
[EventRounds "11"]
[EventCountry "KAZ"]
[EventCategory "10"]
[SourceTitle "CBM 199 Extra"]
[Source "ChessBase"]
[SourceDate "2021.01.31"]
[SourceVersion "1"]
[SourceVersionDate "2021.01.31"]
[SourceQuality "1"]

1. e4 c5 2. Nf3 d6 3. d4 cxd4 4. Nxd4 Nf6 5. Nc3 a6 6. Be3 e5 7. Nb3 Be6 8. f3 Nc6 9. Qd2 d5 10. exd5 Nxd5 11. Nxd5 Qxd5 12. Qxd5 Bxd5 13. 0-0-0 0-0-0 14. Be2 Kc7 15. Rd2 Bb4 16. c3 Be7 17. Rhd1 Be6 18. Bd3 a5 19. Bb5 b6 20. Re1 Na7 21. Bd3 a4 22. Na1 Bxa2 23. Bc2 Rxd2 24. Bxd2 b5 25. Rxe5 Bd6 26. Re1 Nc6 27. Bd3 Rb8 28. Nc2 Ne5 29. Nb4 Nxd3+ 30. Nxd3 Bc4 31. Nb4 Kd7 32. Be3 Re8 33. Kd2 h5 34. h4 Re6 35. g4 hxg4 36. fxg4 Re4 37. g5 Rxh4 38. Nc2 Rh2+ 39. Kc1 Re2 40. Rxe2 Bxe2 41. Nd4 Bc4 42. Kd2 g6 43. Ke1 Bg3+ 44. Kd2 Kd6 45. Ne2 Bxe2 46. Kxe2 Kd5 47. Kd3 Be5 48. Bd2 f5 49. gxf6 Bxf6 50. Be3 g5 0-1

[Event "Astana m"]
[Site "Astana"]
[Date "2019.05.11"]
[Round "5"]
[White "Assaubayeva, Bibissara"]
[Black "Ibrayev, Nurlan"]
[Result "0-1"]
[WhiteElo "2381"]
[BlackElo "2379"]
[PlyCount "138"]
[EventDate "2019.05.07"]
[EventType "match"]
[EventRounds "5"]
[EventCountry "KAZ"]
[SourceTitle "CBM 190 Extra"]
[Source "ChessBase"]
[SourceDate "2019.07.15"]
[SourceVersion "1"]
[SourceVersionDate "2019.07.15"]
[SourceQuality "1"]

1. d4 g6 2. c4 Bg7 3. e4 c5 4. d5 d6 5. Bd3 e6 6. Nf3 Ne7 7. Nc3 a6 8. a4 exd5 9. cxd5 Bg4 10. h3 Bxf3 11. Qxf3 Nd7 12. Qe2 0-0 13. Bg5 f6 14. Bh4 Qc7 15. 0-0 Rae8 16. Qd2 Ne5 17. f4 Nxd3 18. Qxd3 c4 19. Qd2 f5 20. e5 dxe5 21. d6 Qd7 22. fxe5 Nc6 23. Nd5 Bxe5 24. Nb6 Qxd6 25. Qxd6 Bxd6 26. Nd7 Be5 27. Nxf8 Rxf8 28. Rac1 b5 29. axb5 axb5 30. Rc2 Ra8 31. Rb1 Ra2 32. Be1 Kf7 33. Kf1 Ke6 34. Bc3 Bg3 35. Rd1 Ra7 36. Re2+ Kf7 37. Be1 Bxe1 38. Rexe1 Nb4 39. Re5 Rb7 40. b3 cxb3 41. Re3 Nc6 42. Rxb3 b4 43. Rc1 Rb6 44. Rxc6 Rxc6 45. Rxb4 h6 46. h4 Kf6 47. Kf2 g5 48. hxg5+ hxg5 49. Rb5 f4 50. Rb2 Rc3 51. Ra2 Kf5 52. Rb2 Kg4 53. Ra2 Kh4 54. Rb2 Ra3 55. Rc2 g4 56. Rb2 Ra1 57. Rc2 g3+ 58. Kf3 Rf1+ 59. Ke4 f3 60. gxf3 Kh3 61. Rc8 g2 62. Rh8+ Kg3 63. Rg8+ Kf2 64. f4 g1Q 65. Rxg1 Kxg1 66. f5 Kg2 67. Ke5 Kg3 68. f6 Kg4 69. Kd5 Kh4 0-1

[Event "Astana m"]
[Site "Astana"]
[Date "2019.05.09"]
[Round "3"]
[White "Assaubayeva, Bibissara"]
[Black "Ibrayev, Nurlan"]
[Result "1-0"]
[WhiteElo "2381"]
[BlackElo "2379"]
[PlyCount "78"]
[EventDate "2019.05.07"]
[EventType "match"]
[EventRounds "5"]
[EventCountry "KAZ"]
[SourceTitle "CBM 190 Extra"]
[Source "ChessBase"]
[SourceDate "2019.07.15"]
[SourceVersion "1"]
[SourceVersionDate "2019.07.15"]
[SourceQuality "1"]

1. d4 g6 2. c4 Bg7 3. e4 Nc6 4. d5 Nd4 5. Ne2 e5 6. Nxd4 exd4 7. Bd3 d6 8. 0-0 Nf6 9. Nd2 0-0 10. b4 a5 11. bxa5 Nd7 12. Nb3 c5 13. f4 f5 14. exf5 gxf5 15. Qc2 Qf6 16. Re1 Qg6 17. Re6 Rf6 18. Bd2 Nf8 19. Rxf6 Qxf6 20. Re1 h5 21. Qd1 Qf7 22. Be2 h4 23. Bh5 Ng6 24. Nc1 Kh7 25. Qa4 Kh6 26. Bd1 Ne7 27. Qb3 Ra6 28. Nd3 Bf6 29. Nf2 Ng6 30. Nh3 Kg7 31. Bh5 Qc7 32. Bxg6 Kxg6 33. Ng5 Bxg5 34. fxg5 Ra8 35. Re8 Kg7 36. Qf3 Qf7 37. Qe2 Kg6 38. Bf4 Qd7 39. Rh8 Qd8 1-0

[Event "KAZ-ch"]
[Site "Almaty"]
[Date "2019.04.30"]
[Round "9"]
[White "Moisseyenko, Ilya"]
[Black "Ibrayev, Nurlan"]
[Result "0-1"]
[WhiteElo "2329"]
[BlackElo "2379"]
[PlyCount "54"]
[EventDate "2019.04.21"]
[EventType "tourn"]
[EventRounds "11"]
[EventCountry "KAZ"]
[EventCategory "7"]
[SourceTitle "CBM 190 Extra"]
[Source "ChessBase"]
[SourceDate "2019.07.15"]
[SourceVersion "1"]
[SourceVersionDate "2019.07.15"]
[SourceQuality "1"]

1. d4 Nf6 2. Nf3 e6 3. c4 c5 4. d5 d6 5. Nc3 exd5 6. cxd5 g6 7. e4 a6 8. a4 Bg4 9. Qb3 Bxf3 10. Qxb7 Nbd7 11. gxf3 Bg7 12. Qb3 0-0 13. Be2 Nh5 14. f4 Qh4 15. Bxh5 Qxh5 16. Qd1 Qh3 17. f3 f5 18. Bd2 Rab8 19. Qe2 Rxb2 20. Rc1 Re8 21. Kd1 Nf6 22. Rc2 Rb4 23. e5 dxe5 24. fxe5 Rxe5 25. Qxe5 Qxf3+ 26. Kc1 Qxh1+ 27. Be1 Re4 0-1

[Event "KAZ-ch"]
[Site "Almaty"]
[Date "2019.04.29"]
[Round "8"]
[White "Ibrayev, Nurlan"]
[Black "Ismagambetov, Anuar"]
[Result "1-0"]
[WhiteElo "2379"]
[BlackElo "2554"]
[PlyCount "119"]
[EventDate "2019.04.21"]
[EventType "tourn"]
[EventRounds "11"]
[EventCountry "KAZ"]
[EventCategory "7"]
[SourceTitle "CBM 190 Extra"]
[Source "ChessBase"]
[SourceDate "2019.07.15"]
[SourceVersion "1"]
[SourceVersionDate "2019.07.15"]
[SourceQuality "1"]

1. d4 Nf6 2. Nf3 c5 3. d5 e6 4. Nc3 d6 5. e4 e5 6. Be2 Be7 7. 0-0 0-0 8. Nd2 Nbd7 9. a4 b6 10. Nc4 Ba6 11. Ne3 Bxe2 12. Qxe2 g6 13. Nc4 Nh5 14. Bh6 Re8 15. g3 a6 16. Rfb1 Qc7 17. Be3 Ng7 18. b4 f5 19. bxc5 bxc5 20. f3 Rf8 21. Bh6 Rf7 22. Ra3 fxe4 23. fxe4 Raf8 24. Rab3 Qc8 25. Qg4 Rf3 26. Rb7 Rf1+ 27. Rxf1 Rxf1+ 28. Kxf1 Qxb7 29. Bxg7 Kxg7 30. Qe6 Nf6 31. Nxd6 Bxd6 32. Qxd6 Ng4 33. Qxc5 Nxh2+ 34. Kg2 Ng4 35. Nd1 Nh6 36. Nf2 Nf7 37. a5 h5 38. Qb6 Qc8 39. Qc6 Qxc6 40. dxc6 Kf6 41. c7 Nd6 42. Nd3 Nc8 43. Nc5 Ke7 44. Kh3 Kd6 45. Nxa6 g5 46. c4 Kc6 47. Nb4+ Kxc7 48. c5 Kb7 49. Nd3 Ka6 50. Nxe5 Kxa5 51. Nf7 Kb4 52. c6 Kc5 53. c7 Kc6 54. Nxg5 Kxc7 55. Kh4 Kd6 56. Nf3 Ke6 57. Kxh5 Nd6 58. g4 Kf7 59. e5 Ne4 60. Ng5+ 1-0